LEADER 01250nam a2200313 a 4500 001 000000128372 003 CaOOAMICUS 005 20120417114843.0 008 120417s2012 it a 000 0 ita r 040 $aPUL$bita 082 04$a750 100 1 $aZambianchi, Claudio.$0(OLS)http://pul/name/79380 245 10$aMonet /$cClaudio Zambianchi. 250 $aEd. speciale per il Sole 24 Ore. 260 $aMilano :$bIl Sole 24 ore,$c2012$aFirenze :$bE-ducation.it S.p.a.,$c2012. 300 $a157 p. :$bill. ;$c21 cm 490 1 $aI grandi maestri ;$v2 500 $aIn custodia. 504 $aInclude riferimenti bibliografici. 600 14$aMonet, Claude,$d1840-1926.$0(OLS)http://pul/subject/37565 830 2$aI grandi maestri ;$v2.$0(OLS)http://pul/title/162243 850 $aPUL 852 $aPUL$W1$xDP2 Cons. Gen., Altre Classi 3$y97$m750 COLL 2.2$j148678$qDDC 21$B147200$CPULBib$Z2$F147200 $H119460 $82 941 1 $a9 996 $6082$a750$9(OLS)http://pul/classification/363 996 $6245$aMonet$9(OLS)http://pul/title/157616 996 $6260$aMilano :$bIl Sole 24 ore$9(OLS)http://pul/publisher/69212 996 $6260$aFirenze :$bE-ducation.it S.p.a.$9(OLS)http://pul/publisher/81559 LEADER 01011nam a2200253 a 4500 001 000000167980 003 CaOOAMICUS 005 20180604131113.0 008 180604s1973 it u000 u ita r 032 $aLibriCat 040 $aPUL$bita 100 1 $aSantoni Rugiu, Antonio,$d1921-$0(OLS)http://pul/name/57906 245 10$aGruppi e didattica universitaria / $cAntonio Santoni Rugiu . 260 $aFirenze :$bLa Nuova Italia,$c1973. 300 $a116 p. ; $c21 cm. 490 1 $aEducatori antichi e moderni ;$v281 650 4$aEducazione.$0(OLS)http://pul/subject/4579 830 0$aEducatori antichi e moderni ;$v281.$0(OLS)http://pul/title/13529 850 $aPUL 852 $aPUL$W1$xDP1 Fondo Dalla Palma$y117$m4 A 28$j45268$qFondi$B195795$CPULBib$Z2$F195795 $HDal2766 $81 941 1 $a1 996 $6245$aGruppi e didattica universitaria / $9(OLS)http://pul/title/208124 996 $6260$aFirenze :$bLa Nuova Italia$9(OLS)http://pul/publisher/48361